¡Lo digo por tu bien! (Registro nro. 11751)
[ vista simple ]
| 000 -Cabecera | |
|---|---|
| Campo de control de longitud fija | 00566nam a22002417a 4500 |
| 005 - Fecha y hora de la última transacción | |
| Campo de control | 20231010140216.0 |
| 008 - Elementos de longitud fija--Información general | |
| Campo de control de longitud fija | 190319b xxu||||| |||| 00| 0 spa d |
| 020 ## - International Standard Book Number | |
| Número Internacional Estándar del Libro (ISBN) | 9788449312458 |
| 041 ## - Idioma | |
| Código de idioma | |
| 082 ## - Clasificación Decimal Dewey | |
| Número de clasificación | 155.23 T166l |
| 100 ## - Entrada principal--Autor personal | |
| Nombre personal | Tannen, Deborah |
| 245 ## - Título propiamente dicho | |
| Título | ¡Lo digo por tu bien! |
| 260 ## - Pie de imprenta | |
| Lugar de publicación, distribución, etc. | España |
| 260 ## - Pie de imprenta | |
| Nombre del editor, distribuidor, etc. | Paidós |
| 260 ## - Pie de imprenta | |
| Fecha de publicación, distribución, etc. | 2002 |
| 300 ## - Descripción física | |
| Extensión | 380 páginas |
| 650 ## - Materia general | |
| Temática (materia general) | SUPERACIÓN PERSONAL |
| 650 ## - Materia general | |
| Temática (materia general) | COMUNICACIÓN |
| 650 ## - Materia general | |
| Temática (materia general) | FAMILIA |
| 650 ## - Materia general | |
| Temática (materia general) | COSTUMBRES FAMILIARES |
| 650 ## - Materia general | |
| Temática (materia general) | DISCIPLINA |
| 942 ## - Punto de acceso adicional KOHA | |
| Tipo de ítem KOHA | Literatura |
| Fuente del sistema de clasificación o colocación | Dewey Decimal Classification |
| Signatura completa | Código de barras | Tipo de ítem |
|---|---|---|
| 155.23 T166l | 9536 | Literatura |